[Event "Essen Werden op"]
[Site "Essen"]
[Date "2004.07.16"]
[Round "7"]
[White "Heupel, Rolf"]
[Black "Wiegmann, Wilhelm"]
[Result "1-0"]
[WhiteElo "1377"]
[BlackElo "1332"]
[PlyCount "131"]
[EventDate "2004.06.04"]
[EventType "swiss"]
[EventRounds "7"]
[EventCountry "GER"]
[SourceTitle "EXT 2007"]
[Source "ChessBase"]
[SourceDate "2006.11.23"]
[SourceVersion "1"]
[SourceVersionDate "2006.11.23"]
[SourceQuality "1"]

1. e4 c6 2. Bc4 d5 3. exd5 cxd5 4. Bb3 Nf6 5. h3 Bf5 6. d4 e6 7. Nf3 Be7 8. 0-0 0-0 9. c4 dxc4 10. Bxc4 Nc6 11. a3 Rc8 12. Ba2 Bd6 13. Nc3 a6 14. d5 exd5 15. Nxd5 h6 16. Kh1 Nxd5 17. Bxd5 Qd7 18. Ng1 Qe7 19. Re1 Qf6 20. Re2 Rc7 21. Be3 Ne7 22. Ba2 Qg6 23. Qd2 Be4 24. Nf3 Bxf3 25. gxf3 Nf5 26. Bf4 Rd8 27. Bxd6 Rxd6 28. Qf4 Rd4 29. Qxc7 Rh4 30. Bxf7+ Qxf7 31. Qxf7+ Kxf7 32. Kh2 Nd4 33. Re3 Nc2 34. Ree1 Nxa1 35. Rxa1 Rd4 36. Rc1 b5 37. Rc6 Rd2 38. Kg3 a5 39. b4 axb4 40. axb4 Rd4 41. Rb6 Rxb4 42. f4 g5 43. Rxh6 Rxf4 44. Rb6 Rb4 45. Rb7+ Kf6 46. Rb6+ Kf5 47. Rb8 Rb3+ 48. Kg2 b4 49. Rf8+ Kg6 50. Rg8+ Kh6 51. Rh8+ Kg7 52. Rb8 Rb1 53. Kf3 b3 54. Rb6 b2 55. Rb7+ Kf6 56. Rb6+ Ke5 57. Rb5+ Kd4 58. Rb8 Kc3 59. Rc8+ Kd2 60. Rd8+ Ke1 61. Re8+ Kf1 62. Rb8 Kg1 63. Kg3 Kh1 64. Kf3 Kh2 65. Rb6 Kxh3 66. Rh6# 1-0

[Event "Essen Werden op"]
[Site "Essen"]
[Date "2004.07.09"]
[Round "6"]
[White "Heupel, Rolf"]
[Black "Schumacher, Peter"]
[Result "1/2-1/2"]
[WhiteElo "1377"]
[BlackElo "1385"]
[PlyCount "71"]
[EventDate "2004.06.04"]
[EventType "swiss"]
[EventRounds "7"]
[EventCountry "GER"]
[SourceTitle "EXT 2007"]
[Source "ChessBase"]
[SourceDate "2006.11.23"]
[SourceVersion "1"]
[SourceVersionDate "2006.11.23"]
[SourceQuality "1"]

1. e4 c5 2. Bc4 a6 3. Qh5 e6 4. a3 Nf6 5. Qe2 Nc6 6. c3 b5 7. Ba2 Bb7 8. d3 Be7 9. Nf3 Qc7 10. 0-0 0-0 11. h3 d5 12. exd5 Nxd5 13. Ng5 Nf4 14. Bxf4 Qxf4 15. Nf3 Qf5 16. Nbd2 Rad8 17. Ne4 Ne5 18. Nxe5 Qxe5 19. Rae1 Bxe4 20. dxe4 c4 21. f4 Bc5+ 22. Kh1 Qc7 23. e5 Rd7 24. b3 cxb3 25. Bxb3 Rfd8 26. f5 exf5 27. Rxf5 Kh8 28. e6 fxe6 29. Bxe6 Re7 30. Ref1 g6 31. Rf8+ Rxf8 32. Rxf8+ Kg7 33. Rg8+ Kf6 34. Rf8+ Kg7 35. Rg8+ Kf6 36. Rf8+ 1/2-1/2

[Event "Essen Werden op"]
[Site "Essen"]
[Date "2004.06.18"]
[Round "3"]
[White "Blank, Heinrich"]
[Black "Heupel, Rolf"]
[Result "1-0"]
[WhiteElo "1196"]
[BlackElo "1377"]
[PlyCount "57"]
[EventDate "2004.06.04"]
[EventType "swiss"]
[EventRounds "7"]
[EventCountry "GER"]
[SourceTitle "EXT 2007"]
[Source "ChessBase"]
[SourceDate "2006.11.23"]
[SourceVersion "1"]
[SourceVersionDate "2006.11.23"]
[SourceQuality "1"]

1. e4 e5 2. Nf3 Nc6 3. c3 Bc5 4. d3 h6 5. a3 d6 6. h3 Nf6 7. Be2 0-0 8. Nh2 d5 9. 0-0 dxe4 10. b4 Bb6 11. Bb2 a6 12. a4 exd3 13. Qxd3 e4 14. Qc2 Ne5 15. Rd1 Qe7 16. Na3 Bf5 17. Qc1 Nd3 18. Bxd3 exd3 19. Re1 Ne4 20. Qf4 Qe6 21. c4 Bxf2+ 22. Kh1 Bxe1 23. Rxe1 d2 24. Rd1 Rad8 25. Nf3 Nf2+ 26. Kh2 Nxd1 27. Be5 Nf2 28. Qg3 Ne4 29. Qxg7# 1-0